Loading...
हरिशंकर परसाई: व्यंग्य की वैचारिक पृष्ठभूमि
| Main Author: | |
|---|---|
| Other Authors: | |
| Format: | Printed Book |
| Published: |
New Delhi:
Bhumika,
1992.
|
| Subjects: |
| LEADER | 00636cam a2200145ua 4500 | ||
|---|---|---|---|
| 082 | |a H891.433 |b RAD/H | ||
| 100 | 0 | |a राधेमोहन शर्मा | |
| 245 | 0 | 0 | |a हरिशंकर परसाई: व्यंग्य की वैचारिक पृष्ठभूमि |
| 260 | |a New Delhi: |b Bhumika, |c 1992. | ||
| 300 | |a 76p. | ||
| 650 | 0 | |a Harishankar Parsai: Vyangy ki Vaicharik Prishtbhoomi |a Biography- Hindi literature | |
| 700 | |a Radhe Mihan Sharma | ||
| 942 | |c BK | ||
| 999 | |c 12043 |d 12043 | ||
| 952 | |0 0 |1 0 |4 0 |6 H_891_433000000000000_RAD |7 0 |9 12567 |a KUCL |b KUCL |d 2014-05-23 |l 0 |o H891.433 RAD/ |p 13922 |r 2014-05-23 |w 2014-05-23 |y BK | ||